The cultural heritage of Sabah (Record no. 142888)

MARC details
000 -LEADER
fixed length control field 00735nam a2200253 i 4500
001 - CONTROL NUMBER
control field C2-0221221
003 - CONTROL NUMBER IDENTIFIER
control field PPAK
005 - DATE AND TIME OF LATEST TRANSACTION
control field 20180728150835.0
008 - FIXED-LENGTH DATA ELEMENTS--GENERAL INFORMATION
fixed length control field 991018s1998 my a|||| ||||| | eng d
020 ## - INTERNATIONAL STANDARD BOOK NUMBER
International Standard Book Number 9839600060
040 ## - CATALOGING SOURCE
Original cataloging agency PPAK
Language of cataloging eng
Transcribing agency PPAK
Description conventions rda
082 04 - DEWEY DECIMAL CLASSIFICATION NUMBER
Classification number 306.089992
Edition number 23
090 00 - LOCALLY ASSIGNED LC-TYPE CALL NUMBER (OCLC); LOCAL CALL NUMBER (RLIN)
Classification number (OCLC) (R) ; Classification number, CALL (RLIN) (NR) 306.089992
Feature heading YAH
Feature heading KK
100 0# - MAIN ENTRY--PERSONAL NAME
Personal name Yahaya Isamail,
Relator term author
245 14 - TITLE STATEMENT
Title The cultural heritage of Sabah
250 ## - EDITION STATEMENT
Edition statement Sharifah Rubiah Syed Mohamad
264 #1 - PRODUCTION, PUBLICATION, DISTRIBUTION, MANUFACTURE, AND COPYRIGHT NOTICE
Place of production, publication, distribution, manufacture Petaling Jaya, Selangor :
Name of producer, publisher, distributor, manufacturer Dinamika Kreatif ,
Date of production, publication, distribution, manufacture, or copyright notice 1998
300 ## - PHYSICAL DESCRIPTION
Extent 170 pages :
Other physical details illustrations, colour ;
Dimensions 29 cm
336 ## - CONTENT TYPE
Source rdacontent
Content type term text
337 ## - MEDIA TYPE
Source rdamedia
Media type term unmediated
338 ## - CARRIER TYPE
Source rdacarrier
Carrier type term volume
650 10 - SUBJECT ADDED ENTRY--TOPICAL TERM
Topical term or geographic name entry element Culture - Origin
942 ## - ADDED ENTRY ELEMENTS (KOHA)
-- dc
Koha item type Book
Holdings
Withdrawn Not for loan Current library Shelving location Date acquired Full call number Barcode Date last seen Koha item type
  Not For Loan Perpustakaan Alor Setar Koleksi Kedah 21/10/1999 KK 306.089992 YAH A00154154 31/05/2018 Book
  Not For Loan Perpustakaan Alor Setar Koleksi Kedah 24/10/1999 KK 306.089992 YAH A00154155 31/05/2018 Book